| 000 | 00590nam a22002057a 4500 | ||
|---|---|---|---|
| 003 | OSt | ||
| 005 | 20140310182805.0 | ||
| 008 | 130214t xxu||||| |||| 00| 0 eng d | ||
| 020 | _a0902088874 | ||
| 050 |
_aHQ1221 _b.D635 1993 |
||
| 082 |
_aM 301.427 _bD65 1993 |
||
| 245 |
_aMan to man about women: _bwhat wives wish their husbands knew about women _cDobson, James |
||
| 260 |
_aEastbourne,England: _bKingsway Publications, _c1993 |
||
| 300 |
_a175 p. : _bill.; _c18 cm. |
||
| 521 | _aCollege | ||
| 526 | _c1210L-1700L | ||
| 541 | _j1 | ||
| 562 | _e1 | ||
| 942 |
_2lcc _cBK _kM |
||
| 999 |
_c16076 _d16076 |
||